Jusqu'où irez vous ? #2 (Culture Générale) - Statistiques

Statistiques générales
  • Ce quiz a été pris 359 fois
  • Le résultat moyen est 9 sur 35
Statistiques - réponses
Hint Réponse % Correct
L'âge atteint par un nonagénaire (quand il le devient) = ?? 90
100%
Période durant laquelle se déroulent, en France, des grandes manifestations ainsi qu'une grève générale et sauvage = Mai ?? 68
79%
Roman dystopique de George Orwell paru en 1949 = 19?? 84
66%
Le symbole de l'équilibre dans la dualité et une position sexuelle = ?? 69
64%
Roman d'aventures de Jules Verne, publié en 1872 : Le Tour du monde en ?? jours 80
63%
Nombre qui a comme Diviseurs 1, 3, 31, 93 = ?? 93
47%
Le nombre total de cases sur le plateau du jeu d'échecs = ?? 64
46%
La mesure en degrés des angles internes d'un triangle équilatéral = ?? 60
44%
LXXIX = ?? 79
42%
Le montant que l'on possède en centimes d'euros si l'on dispose de chacune des pièces de valeur inférieure à un euro = ?? 88
42%
Le n° du département français de la Seine-Maritime = ?? 76
34%
Le numéro du département français de l'Orne = ?? 61
33%
Les deux premiers chiffres des n° des cinq départements d'outre-mer = ?? 97
31%
Les deux premiers numéros des Territoires d'Outre-Mer français = ?? 98
25%
Le nombre d'années de mariage des noces de platine = ?? 70
24%
Le nombre de cases d'une grille de sudoku = ?? 81
24%
Le nombre d'années de mariage des noces d'albâtre en France = ?? 75
22%
Un système d'exploitation à environnement graphique des plus anciens et des plus connus destiné aux particuliers (pendant son développement, il avait été désigné sous le nom de Windows 4.0, ou par le nom de code de Chicago) = Windows ?? 95
17%
Le nombre de cartes dans la plupart des jeux de tarot = ?? 78
14%
Le nombre de case au jeu de l'oie = ?? 63
13%
Le plus petit nombre premier qui soit la somme de trois cubes positifs différents = ?? 73 (64+8+1)
5%
La limitation de vitesse usuelle, en miles par heure (env. 104 km/h), pour les autoroutes dans beaucoup d'États des États-Unis = ?? 65
4%
Allemagne 2 – 1 a. p. Tchéquie Stade de Wembley, Londres Bierhoff But 73e, But en or 95e Berger 59e Euro 19??
96
4%
Le numéro que portait le joueur de hockey sur glace Wayne Gretzky et qui a été retiré de la Ligue nationale de hockey quand il a pris sa retraite en 1999. Plus aucun joueur ne peut y porter ce numéro depuis (hormis quelques franchises) = numéro ?? 99
4%
Préfixe grec hexacontakaihepta = ?? 67
3%
Le nombre immuable de pages d'un album de Tintin, la bande dessinée d'Hergé = ?? 62
2%
Le numéro de l'ordre donné par Palpatine aux clones d'exterminer les Jedi dans La Revanche des Sith = ?? 66
2%
Le numéro du département français de l'Escaut, de 1795 à 1814 = ?? 92
2%
Le numéro de maillot du milieu de terrain français Jérémy Ménez avant de quitter l'AS Rome (car Menez est originaire de Vitry-sur-Seine...) = ?? 94
2%
Le nombre de noms de Dieu dans la tradition juive : le Schem-hamephorash = ?? 72
1%
Le numéro atomique du tungstène, un métal de transition = ?? 74
1%
Groupe de musique français originaire d’Antibes, installé aux USA, créé en 1999 par les musiciens multi-instrumentistes Anthony Gonzalez et Nicolas Fromageau : M?? 83
1%
Le numéro de l'autoroute française qui relie l'A11 (à l'Est d'Angers) à l'A71 (à Theillay dans le Loir-et-Cher, au Nord de Vierzon), via le sud de Tours. = A?? 85
1%
Un terme d'argot anglo-saxon pour l'anilingus (excitation buccale de l'anus ou du périnée) : ?? 87
1%
Site d'information français lancé par d'anciens journalistes du quotidien Libération le 6 mai 2007 : Rue?? 89
1%
Aucun quiz correspondant
Distribution des résultats
% des personnes avec chaque résultat
Percentile par nombre de réponses
Votre historique - résultats
Vous n’avez pas pris ce quiz